| 000 | 00446cam a22001457a 4500 | ||
|---|---|---|---|
| 008 | 180718b1892 xxu||||| |||| 00| 0 eng d | ||
| 082 | _aA6x54 R861/L437 | ||
| 100 | _aAitchison, Charles | ||
| 245 |
_aLord Lawrence _cby Charles Aitchison |
||
| 260 |
_aOxford _bClarendon Press _c1892 |
||
| 300 | _a216+p. | ||
| 440 | _aRulers of India | ||
| 650 | _aIndia --History --British occupation, 1765-1947 | ||
| 650 | _aLawrence, John Laird Mair, 1811-1879 | ||
| 999 |
_c438121 _d438121 |
||